<?xml version="1.0" encoding="UTF-8"?>
<collection xmlns="http://www.loc.gov/MARC21/slim">
 <record>
  <leader>02027pam a22002658a 4500</leader>
  <controlfield tag="001">00020279</controlfield>
  <controlfield tag="005">20171026081025.0</controlfield>
  <controlfield tag="008">110516s2007                  ||||||Viesd</controlfield>
  <datafield tag="041" ind1="0" ind2="#">
   <subfield code="a">Vie</subfield>
  </datafield>
  <datafield tag="082" ind1="1" ind2="4">
   <subfield code="a">510.9</subfield>
   <subfield code="b">GI108TR</subfield>
  </datafield>
  <datafield tag="100" ind1="0" ind2="#">
   <subfield code="a">Phạm Gia Đức</subfield>
  </datafield>
  <datafield tag="245" ind1="0" ind2="0">
   <subfield code="a">Giáo trình lịch sử toán học</subfield>
   <subfield code="c">Phạm Gia Đức, Phạm Đức Quang</subfield>
  </datafield>
  <datafield tag="260" ind1="#" ind2="#">
   <subfield code="a">H.</subfield>
   <subfield code="b">ĐH Sư phạm</subfield>
   <subfield code="c">2007</subfield>
  </datafield>
  <datafield tag="300" ind1="#" ind2="#">
   <subfield code="a">168 tr.</subfield>
   <subfield code="c">24 cm.</subfield>
  </datafield>
  <datafield tag="500" ind1="#" ind2="#">
   <subfield code="a">Sách nhà nước đặt hàng</subfield>
  </datafield>
  <datafield tag="650" ind1="#" ind2="4">
   <subfield code="a">Giáo trình</subfield>
  </datafield>
  <datafield tag="650" ind1="#" ind2="4">
   <subfield code="a">Lịch sử</subfield>
  </datafield>
  <datafield tag="653" ind1="#" ind2="#">
   <subfield code="a">Toán học</subfield>
  </datafield>
  <datafield tag="700" ind1="0" ind2="#">
   <subfield code="a">Phạm Gia Đức</subfield>
  </datafield>
  <datafield tag="852" ind1="#" ind2="#">
   <subfield code="b">Kho mượn</subfield>
   <subfield code="j">KGT.0002678</subfield>
  </datafield>
  <datafield tag="852" ind1="#" ind2="#">
   <subfield code="b">Kho đọc</subfield>
   <subfield code="j">KD.0005775</subfield>
  </datafield>
  <datafield tag="852" ind1="#" ind2="#">
   <subfield code="j">KGT.0002678</subfield>
   <subfield code="j">KGT.0002680</subfield>
   <subfield code="j">KGT.0002681</subfield>
   <subfield code="j">KGT.0002683</subfield>
   <subfield code="j">KGT.0002684</subfield>
   <subfield code="j">KGT.0002692</subfield>
   <subfield code="j">KGT.0002693</subfield>
   <subfield code="j">KGT.0002694</subfield>
   <subfield code="j">KGT.0002695</subfield>
   <subfield code="j">KGT.0002697</subfield>
   <subfield code="j">KGT.0002698</subfield>
   <subfield code="j">KGT.0002700</subfield>
   <subfield code="j">KGT.0002701</subfield>
   <subfield code="j">KGT.0002703</subfield>
   <subfield code="j">KGT.0002704</subfield>
   <subfield code="j">KGT.0002706</subfield>
   <subfield code="j">KGT.0002707</subfield>
   <subfield code="j">KGT.0002709</subfield>
   <subfield code="j">KGT.0002710</subfield>
   <subfield code="j">KGT.0002712</subfield>
   <subfield code="j">KGT.0002713</subfield>
   <subfield code="j">KGT.0002715</subfield>
   <subfield code="j">KGT.0002716</subfield>
   <subfield code="j">KGT.0002718</subfield>
   <subfield code="j">KGT.0002719</subfield>
   <subfield code="j">KGT.0002686</subfield>
   <subfield code="j">KGT.0002687</subfield>
   <subfield code="j">KGT.0002688</subfield>
   <subfield code="j">KGT.0002690</subfield>
   <subfield code="j">KD.0005775</subfield>
   <subfield code="j">KGT.0032479</subfield>
   <subfield code="j">KGT.0047480</subfield>
   <subfield code="j">KGT.0002682</subfield>
   <subfield code="j">KGT.0002685</subfield>
   <subfield code="j">KGT.0002689</subfield>
   <subfield code="j">KGT.0002691</subfield>
   <subfield code="j">KGT.0002696</subfield>
   <subfield code="j">KGT.0002699</subfield>
   <subfield code="j">KGT.0002702</subfield>
   <subfield code="j">KGT.0002705</subfield>
   <subfield code="j">KGT.0002708</subfield>
   <subfield code="j">KGT.0002711</subfield>
   <subfield code="j">KGT.0002714</subfield>
   <subfield code="j">KGT.0002717</subfield>
   <subfield code="j">KGT.0002720</subfield>
   <subfield code="j">KGT.0002679</subfield>
  </datafield>
  <datafield tag="852" ind1="#" ind2="#">
   <subfield code="j">KGT.0002678, KGT.0002679, KGT.0002680, KGT.0002681, KGT.0002682, KGT.0002683, KGT.0002684, KGT.0002685, KGT.0002686, KGT.0002687, KGT.0002688, KGT.0002689, KGT.0002690, KGT.0002691, KGT.0002692, KGT.0002693, KGT.0002694, KGT.0002695, KGT.0002696, KGT.0002697, KGT.0002698, KGT.0002699, KGT.0002700, KGT.0002701, KGT.0002702, KGT.0002703, KGT.0002704, KGT.0002705, KGT.0002706, KGT.0002707, KGT.0002708, KGT.0002709, KGT.0002710, KGT.0002711, KGT.0002712, KGT.0002713, KGT.0002714, KGT.0002715, KGT.0002716, KGT.0002717, KGT.0002718, KGT.0002719, KGT.0002720, KGT.0032479, KGT.0047480</subfield>
   <subfield code="b">Kho giáo trình</subfield>
  </datafield>
  <datafield tag="910" ind1="0" ind2="#">
   <subfield code="a">nhnam</subfield>
   <subfield code="d">16/05/2011</subfield>
  </datafield>
  <datafield tag="980" ind1="#" ind2="#">
   <subfield code="a">Trung tâm Học liệu Lê Vũ Hùng, Trường Đại học Đồng Tháp</subfield>
  </datafield>
 </record>
</collection>
